| 000 | 00812cab a2200253 4500 | ||
|---|---|---|---|
| 001 | WB3302-03 | ||
| 008 | 090401t1997 xxu||||| |||| 00| 0 eng d | ||
| 035 | _a(Sirsi) u19333 | ||
| 041 | _aeng | ||
| 245 | _aContractors input cost index | ||
| 260 | _c1997 | ||
| 350 | _a0 | ||
| 490 |
_aConstruction News _v(6497) 9 January 1997, 12(2) |
||
| 520 | _aThe EC Harris/Construction News contractors input cost index rose by 1.7% during the 4Q of 1996. Prior to this costs had remained static throughout 1996. | ||
| 650 | _aBUILT ENVIRONMENT-BUILDING MATERIALS | ||
| 650 | _aCONSTRUCTION INDUSTRY | ||
| 650 | _aCONTRACTORS INPUT COST INDEX | ||
| 650 | _aCONTRACTORS | ||
| 650 | _aEC HARRIS | ||
| 650 | _aLABOUR COSTS | ||
| 690 | _aBUILT ENVIRONMENT-BUILDING COSTS | ||
| 942 | _n0 | ||
| 948 | _c04/03/1997 | ||
| 999 |
_c12896 _d12896 |
||